[Event "ESP-ch U12"]
[White "Melchor Martinez, Tristan"]
[Black "Guirado Lara, Pablo"]
[Site "Salobrena"]
[Round "7"]
[Result "0-1"]
[Date "2024.07.12"]
[WhiteElo "1714"]
[BlackElo "1774"]
[PlyCount "84"]
[EventDate "2024.07.08"]
[EventType "swiss"]
[EventRounds "9"]
[EventCountry "ESP"]
[SourceTitle "EXT 2025"]
[Source "ChessBase"]
[SourceDate "2024.10.14"]
[SourceVersion "1"]
[SourceVersionDate "2024.10.14"]
[SourceQuality "1"]

1. e4 c5 2. d3 g6 3. Nf3 Bg7 4. g3 Nc6 5. Bg2 e6 6. 0-0 Nge7 7. Nbd2 0-0 8. Re1 d5 9. h4 Bd7 10. Nf1 Qb6 11. Ne3 Rad8 12. g4 Bc8 13. Qe2 f5 14. g5 Nd4 15. Nxd4 Bxd4 16. exd5 Nxd5 17. Nc4 Qc7 18. c3 Bg7 19. Ne5 Rfe8 20. f4 Bxe5 21. Qxe5 Qxe5 22. Rxe5 b6 23. Bd2 Ba6 24. c4 Nb4 25. Bxb4 cxb4 26. Bc6 Re7 27. Bd5 Kf7 28. Rae1 Bc8 29. R1e3 Rde8 30. Bc6 Bd7 31. Bxd7 Rxd7 32. Kf2 Rd6 33. Rb5 Red8 34. Ke2 a5 35. c5 bxc5 36. Rxc5 Rd5 37. Rxd5 Rxd5 38. Kd2 Rd4 39. Rf3 e5 40. fxe5 Rxh4 41. Ke3 Ke6 42. d4 Re4+ 0-1

[Event "ESP-ch U12"]
[White "Melchor Martinez, Tristan"]
[Black "Mansor Habash, Zouheir"]
[Site "Salobrena"]
[Round "4"]
[Result "1-0"]
[Date "2024.07.10"]
[WhiteElo "1714"]
[BlackElo "1827"]
[PlyCount "55"]
[EventDate "2024.07.08"]
[EventType "swiss"]
[EventRounds "9"]
[EventCountry "ESP"]
[SourceTitle "EXT 2025"]
[Source "ChessBase"]
[SourceDate "2024.10.14"]
[SourceVersion "1"]
[SourceVersionDate "2024.10.14"]
[SourceQuality "1"]

1. e4 c5 2. d3 Nc6 3. Nf3 g6 4. g3 Bg7 5. Bg2 e5 6. 0-0 Nge7 7. Nc3 d6 8. Nd2 0-0 9. Nc4 Be6 10. Be3 f5 11. Qd2 a6 12. a4 Bxc4 13. dxc4 Na5 14. Qd3 f4 15. Bd2 Nec6 16. Nd5 g5 17. Bh3 h5 18. Be6+ Kh8 19. gxf4 exf4 20. Qh3 Be5 21. Qxh5+ Kg7 22. Kh1 Nxc4 23. Rg1 Bf6 24. Nxf6 Rxf6 25. Rxg5+ Kf8 26. Rg8+ Ke7 27. Rxd8 Nxd8 28. Bxc4 1-0

[Event "ESP-ch U12"]
[White "Torres Herrera, Guillem"]
[Black "Melchor Martinez, Tristan"]
[Site "Salobrena"]
[Round "3"]
[Result "1/2-1/2"]
[Date "2024.07.09"]
[WhiteElo "1818"]
[BlackElo "1714"]
[PlyCount "99"]
[EventDate "2024.07.08"]
[EventType "swiss"]
[EventRounds "9"]
[EventCountry "ESP"]
[SourceTitle "EXT 2025"]
[Source "ChessBase"]
[SourceDate "2024.10.14"]
[SourceVersion "1"]
[SourceVersionDate "2024.10.14"]
[SourceQuality "1"]

1. d4 d6 2. Nf3 g6 3. g3 Nd7 4. Bg2 Bg7 5. 0-0 Ngf6 6. c4 0-0 7. Nc3 e5 8. e3 Qe7 9. b3 c6 10. Ba3 Rd8 11. Qc2 Ne8 12. Rad1 Qe6 13. d5 cxd5 14. Nxd5 Nb6 15. Nc3 h6 16. c5 Nd7 17. cxd6 Ndf6 18. Nb5 Bd7 19. Nc7 Nxc7 20. dxc7 Rdc8 21. Rd6 Qf5 22. Qxf5 Bxf5 23. Rd8+ Rxd8 24. cxd8Q+ Rxd8 25. Nxe5 Rd2 26. Bxb7 Rxa2 27. Bc5 Ne4 28. Bd4 Nd2 29. Rd1 Nxb3 30. Bd5 Be6 31. Bxe6 fxe6 32. Nxg6 Nxd4 33. exd4 Ra5 34. Ne7+ Kf7 35. Nc6 Rd5 36. Ra1 a5 37. Rxa5 Rxa5 38. Nxa5 Bxd4 39. Kg2 Kf6 40. Nc4 e5 41. Kf3 e4+ 42. Kxe4 Bxf2 43. Ne5 Bg1 44. Nf3 Bc5 45. g4 Bf2 46. h3 Bg3 47. Nd4 Bh4 48. Nf5 Bg5 49. Ng3 Bh4 50. Nf5 1/2-1/2